00703cam a22002053a 45000010005000000030006000050050017000110080041000280400015000690420007000840500007000911000062000982450169001602600029003295060030003585160020003886530020004088300028004288560041004563357PGUSA20140828083031.0041201s2004||||xxu|||||s|||||000 | eng d aPGUSAbeng adc 4aBJ1 aChesterfield, Philip Dormer Stanhope, Earl of,d1694-177310aLetters to His Son, 1753-54 :bOn the Fine Art of Becoming a Man of the World and a Gentlemanh[electronic resource] /cPhilip Dormer Stanhope, Earl of Chesterfield bProject Gutenberg,c2004 aPublic domain in the USA. aElectronic text aConduct of life 0aProject Gutenbergv335740uhttp://www.gutenberg.org/ebooks/3357